Normal view
MARC view
- Landscapes
Entry Topical Term
001 - CONTROL NUMBER
- control field: 120931
003 - CONTROL NUMBER IDENTIFIER
- control field: NUST
005 - DATE AND TIME OF LATEST TRANSACTION
- control field: 20240221093257.0
008 - FIXED-LENGTH DATA ELEMENTS
- fixed length control field: 240221|| aca||aabn | a|a d
040 ## - CATALOGING SOURCE
- Original cataloging agency: NUST
- Transcribing agency: NUST
150 ## - HEADING--TOPICAL TERM
- Topical term or geographic name entry element: Landscapes
- General subdivision: Philosophy
670 ## - SOURCE DATA FOUND
- Source citation: Work cat.: (NUST): Harmon, Frank (Frank C.), architect, author. 120928, Native places :, 2018.
